LIBRARY ONLINE CATALOGUE

Introducing human resource management / (Record no. 17809)

MARC details
000 -LEADER
fixed length control field 00817nam a22002652 4500
001 - CONTROL NUMBER
control field 0000018992
003 - CONTROL NUMBER IDENTIFIER
control field OSt
005 - DATE AND TIME OF LATEST TRANSACTION
control field 20190706143512.0
008 - FIXED-LENGTH DATA ELEMENTS--GENERAL INFORMATION
fixed length control field 100830s xx 000 0 eng d
020 ## - INTERNATIONAL STANDARD BOOK NUMBER
International Standard Book Number 1292063966
040 ## - CATALOGING SOURCE
Original cataloging agency KABU
Transcribing agency KABU
050 ## - LIBRARY OF CONGRESS CALL NUMBER
Classification number HF5549
Item number .F66 2016 c. 1
100 1# - MAIN ENTRY--PERSONAL NAME
Personal name Foot, Margaret.
245 10 - TITLE STATEMENT
Title Introducing human resource management /
Statement of responsibility, etc. Margaret Foot, Caroline Hook, Andrew Jenkins.
250 ## - EDITION STATEMENT
Edition statement 7th ed.
260 ## - PUBLICATION, DISTRIBUTION, ETC. (IMPRINT)
Place of publication, distribution, etc. Harlow, England :
Name of publisher, distributor, etc. Pearson education Limited
Date of publication, distribution, etc. 2016.
300 ## - PHYSICAL DESCRIPTION
Extent xx, 499 p.
650 #0 - SUBJECT ADDED ENTRY--TOPICAL TERM
Topical term or geographic name as entry element Personnel management.
650 #0 - SUBJECT ADDED ENTRY--TOPICAL TERM
Topical term or geographic name as entry element Employee rights.
700 1# - ADDED ENTRY--PERSONAL NAME
Personal name Hook, Caroline.
700 1# - ADDED ENTRY--PERSONAL NAME
Personal name Jenkins, Andrew
908 ## - PUT COMMAND PARAMETER (RLIN)
Put command parameter 100830
942 ## - ADDED ENTRY ELEMENTS (KOHA)
Source of classification or shelving scheme Library of Congress Classification
Koha item type General Collection
Classification part HF5549
Item part .F66 2016 c. 1
Holdings
Withdrawn status Lost status Source of classification or shelving scheme Not for loan Home library Current library Date acquired Cost, normal purchase price Total Checkouts Full call number Barcode Date last seen Copy number Price effective from Koha item type Total Renewals Date last checked out
    Library of Congress Classification   Kabarak, Main Campus Kabarak, Main Campus 06/07/2019 5235.20   HF5549 .F66 2016 c. 1 023553 02/08/2024 c. 1 06/07/2019 General Collection    
    Library of Congress Classification   Kabarak, Main Campus Kabarak, Main Campus 06/07/2019 5235.20 2 HF5549 .F66 2016 c. 2 023552 02/08/2024 c. 2 06/07/2019 General Collection 1 03/11/2020